000
00310nam a22001457a 4500
008
210527b ||||| |||| 00| 0 eng d
020
_a
0155117378
041
_a
eng
080
_2
5th
_a
53
082
_a
53
100
_a
43
101
_a
FIZ
245
_a
College Physics
_c
Franklin Miller
942
_2
udc
_c
BK
999
_c
57726
_d
57726